000 01151cam a2200301 4500
001 7987
005 20181127184829.0
008 160302s2016 nbuab b 001 0 eng
010 _a 2016010580
020 _a9780803288089 (cloth : alk. paper)
020 _z9780803291706 (pdf)
082 0 0 _a971.1004/974128
_223
100 1 _aMenzies, Charles R.,
_e
245 1 0 _aPeople of the saltwater :
_ban ethnography of git lax m'oon /
_cCharles R. Menzies.
246 3 _aPeople of the saltwater, an ethnography of Gitxaala
246 3 0 _aEthnography of git lax m'oon
264 1 _aLincoln, NE :
_bUniversity of Nebraska Press,
_c[2016]
300 _aix, 179 pages :
_billustrations, maps ;
_c24 cm
336 _atext
_2rdacontent
337 _aunmediated
_2rdamedia
338 _avolume
_2rdacarrier
504 _aIncludes bibliographical references (pages 161-169) and index.
650 0 _aTraditional fishing
_zBritish Columbia.
650 0 _aTsimshian Indians
_xHistory.
650 0 _aTsimshian Indians
_xPolitics and government.
650 0 _aTsimshian Indians
_zBritish Columbia
_zPrince Rupert Forest Region.
999 _c6871
_d6871